Vogelquiz-Strikte Zugvögel - Statistiken

Allgemein
  • Dieses Quiz wurde 90 mal gespielt
  • Das Durchschnittsergebnis liegt bei 48 aus 72
Antwortstatistiken
Hinweis Zugvogel % Korrekt
Schwalbe Mehlschwalbe
89%
Schwalbe Rauchschwalbe
87%
Singt sehr schön Nachtigall
85%
Brütet genau genommen gar nicht Kuckuck
79%
Spötter Gelbspötter
77%
Schwalbe Uferschwalbe
77%
Spint Bienenfresser
76%
Grasmücke Dorngrasmücke
76%
Schwirl Feldschwirl
76%
Schwirl Rohrschwirl
76%
Rohrsänger Schilfrohrsänger
76%
Schwirl Schlagschwirl
76%
Rohrsänger Teichrohrsänger
76%
"GURR!" Turteltaube
76%
Laubsänger Fitis
74%
Grasmücke Klappergrasmücke
74%
Seeschwalbe Küstenseeschwalbe
74%
Stelzenverwandter Schafstelze
74%
Grasmücke Sperbergrasmücke
74%
Laubsänger Waldlaubsänger
74%
Specht Wendehals
74%
Seeschwalbe Flussseeschwalbe
73%
Grasmücke Gartengrasmücke
73%
Reiher Purpurreiher
73%
Ralle Tüpfelsumpfhuhn
73%
Greifvogel Wespenbussard
73%
Upupa Wiedehopf
73%
Schwalbe Felsenschwalbe
71%
Schnäpper Grauschnäpper
71%
Tagaktiver Insektenjäger Mauersegler
71%
Spötter Orpheusspötter
71%
Singt aber auch schön Sprosser
71%
Seeschwalbe Trauerseeschwalbe
71%
Nachtaktiver Insektenjäger Ziegenmelker
71%
Seeschwalbe Zwergseeschwalbe
71%
Rohrsänger Drosselrohrsänger
69%
Schnäpper Halsbandschnäpper
69%
Ralle Kleines Sumpfhuhn
69%
Greifvogel Schwarzmilan
69%
Rohrsänger Sumpfrohrsänger
69%
Schnäpper Trauerschnäpper
69%
Seeschwalbe Weißflügel-Seeschwalbe
69%
Reiher Nachtreiher
68%
"Greifvogel" Baumfalke
66%
Streuobstwiese Gartenrotschwanz
66%
Ente Knäkente
66%
Huhn Wachtel
66%
Seeschwalbe Weißbart-Seeschwalbe
65%
Reiher Zwergdommel
65%
Scheuer Waldbewohner Schwarzstorch
63%
Schnäpper Zwergschnäpper
63%
Laubsänger Berglaubsänger
61%
Ralle Wachtelkönig
61%
Stelzenverwandter Baumpieper
60%
Ammer Ortolan
60%
Greifvogel Wiesenweihe
58%
Tagaktiver Insektenjäger Alpensegler
56%
Bunter Schilfbewohner Blaukehlchen
56%
Limikole Flussregenpfeifer
56%
Laubsänger Grünlaubsänger
56%
Greifvogel Schreiadler
56%
Limikole Stelzenläufer
56%
Wird von Staren imititert Pirol
55%
Seeschwalbe Lachseeschwalbe
53%
Einer von Kalles Lieblingsvögeln Neuntöter
52%
Limikole Seeregenpfeifer
50%
Zur Zugzeit oft auf unbestellten Feldern Steinschmätzer
50%
Feldvogel Braunkehlchen
48%
Stelzenverwandter Brachpieper
47%
Überwintert in Indien Karmingimpel
42%
Alpine Seltenheit Steinrötel
40%
Limikole Triel
40%
Keine übereinstimmenden Quizze gefunden
Verteilung der Resultate
Anzahl Personen mit jedem Resultat
Perzentil nach korrekt beantworteten Fragen
Ihre Resultats-Entwicklung
Sie haben dieses Quiz noch nicht gespielt